A conquista da matemática (Record no. 60252)

MARC details
000 -LÍDER
campo de controle de tamanho fixo 00375 a2200169 4500
001 - NÚMERO DE CONTROLE
campo de controle 60252
020 ## - ISBN - INTERNATIONAL STANDARD BOOK NUMBER
ISBN - International Standard Book Number 9788537706503
040 ## - FONTE DA CATALOGAÇÃO
Instituição que transcreveu o registro Anchieta - Pituba
100 ## - ENTRADA PRINCIPAL--NOME PESSOAL
Nome pessoal Giovanni, José Ruy
240 10 - TÍTULO UNIFORME
Título uniforme A conquista da matemática
Idioma da obra por
245 10 - TÍTULO
Título A conquista da matemática
300 ## - DESCRIÇÃO FÍSICA
Extensão 376
362 0# - DATAS DE PUBLICAÇÃO E/OU DESIGNAÇÃO SEQUENCIAL
Datas de publicação e/ou designação sequencial 2008
440 #1 - DECLARAÇÃO DE SÉRIE/ENTRADA ADICIONADA--TÍTULO
Título Escala
650 #4 - ASSUNTO--TERMO TÓPICO
Cabeçalho tópico ou nome geográfico Matemática
942 ## - ELEMENTOS DE ENTRADA ADICIONADOS (KOHA)
Tipo de material Koha Livros
Holdings
Situação do descarte Situação das perdas Situação física Não pode ser emprestado Biblioteca de origem Biblioteca atual Data de aquisição Total de empréstimos Número de chamada completo Código de barras Data de último acesso Data do preço efetivo Tipo de material Koha
        Colégio Anchieta - Pituba Colégio Anchieta - Pituba 21/11/2023   510 G512c GIO CON 11895/PIT 21/11/2023 21/11/2023 Livros
        ESTA - SÃO BENTO ESTA - SÃO BENTO 30/04/2024   510 FAV MAT EST00011899 30/04/2024 30/04/2024 Livros